Sometimes I'm Bombaloo / (Record no. 2206)

MARC details
000 -LEADER
fixed length control field 00930cam a2200301 a 4500
005 - DATE AND TIME OF LATEST TRANSACTION
control field 20260319110744.0
020 ## - INTERNATIONAL STANDARD BOOK NUMBER
International Standard Book Number 0439087554
020 ## - INTERNATIONAL STANDARD BOOK NUMBER
International Standard Book Number 9780439669412
020 ## - INTERNATIONAL STANDARD BOOK NUMBER
International Standard Book Number 0439087562
040 ## - CATALOGING SOURCE
Original cataloging agency DLC
Transcribing agency DLC
Modifying agency DLC
Language of cataloging eng
050 00 - LIBRARY OF CONGRESS CALL NUMBER
Classification number PZ7.V1916
Item number So 2002
082 00 - DEWEY DECIMAL CLASSIFICATION NUMBER
Classification number 507
Edition number 21
100 1# - MAIN ENTRY--PERSONAL NAME
Personal name Vail, Rachel
245 10 - TITLE STATEMENT
Title Sometimes I'm Bombaloo /
Statement of responsibility, etc. by Rachel Vail ; illustrated by Yumi Heo.
250 ## - EDITION STATEMENT
Edition statement First Bookshelf edition, February 2005
260 ## - PUBLICATION, DISTRIBUTION, ETC.
Place of publication, distribution, etc. New York :
Name of publisher, distributor, etc. Scholastic,
Date of publication, distribution, etc. 2002
300 ## - PHYSICAL DESCRIPTION
Extent 29 unnumbered pages :
Other physical details illustrations
Dimensions 20x25 cm
505 ## - FORMATTED CONTENTS NOTE
Formatted contents note M
520 ## - SUMMARY, ETC.
Summary, etc. When Katie Honors feels angry and out of control, her mother helps her to be herself again.
521 ## - TARGET AUDIENCE NOTE
Target audience note 640
Source Lexile
521 ## - TARGET AUDIENCE NOTE
Target audience note M
Source Raz-Plus
650 #1 - SUBJECT ADDED ENTRY--TOPICAL TERM
Topical term or geographic name entry element Anger
Form subdivision Fiction.
650 #1 - SUBJECT ADDED ENTRY--TOPICAL TERM
Topical term or geographic name entry element Emotions
Form subdivision Fiction.
700 1# - ADDED ENTRY--PERSONAL NAME
Personal name Heo, Yumi
Relator term illustrator
906 ## - LOCAL DATA ELEMENT F, LDF (RLIN)
a 7
b cbc
c orignew
d 1
e ocip
f 19
g y-gencatlg
942 ## - ADDED ENTRY ELEMENTS (KOHA)
Source of classification or shelving scheme Dewey Decimal Classification
Koha item type Books
Suppress in OPAC No
999 ## -
-- 2206
-- 2206
Holdings
Withdrawn status Lost status Source of classification or shelving scheme Damaged status Not for loan Collection Home library Current library Shelving location Date acquired Total Checkouts Full call number Barcode Date last seen Date last checked out Copy number Price effective from Koha item type
    Dewey Decimal Classification     Juvenile Fiction Footprints International School Library Network Toul Kork Campus Footprints International School Library Network Toul Kork Campus TK Primary Library Room(4th Floor), Bookcase 5&6, Shelves 33-56, Orange Books 11/10/2023 2 VAI 507 PZ7.V1916 FISTK01763 03/20/2026 01/30/2026 1 11/10/2023 Books
    Dewey Decimal Classification     Juvenile Fiction Footprints International School Library Network Toul Tom Poung Campus Footprints International School Library Network Toul Tom Poung Campus TTP Primary Orange Bookshelves 03/19/2026   VAI 507 PZ7.V1916 FIS02714 03/19/2026   2 03/19/2026 Books